गुरूदेव रवीन्द्रनाथ टैगोर / (Record no. 64989)
[ view plain ]
| 000 -LEADER | |
|---|---|
| fixed length control field | 01736nam a22002777a 4500 |
| 005 - DATE AND TIME OF LATEST TRANSACTION | |
| control field | 20120418155147.0 |
| 008 - FIXED-LENGTH DATA ELEMENTS--GENERAL INFORMATION | |
| fixed length control field | 120413t xxu||||| |||| 00| 0 hin d |
| 010 ## - LCCN (DPL NO) | |
| LC control number | B-465414 |
| 020 ## - INTERNATIONAL STANDARD BOOK NUMBER | |
| International Standard Book Number | 8128810308 |
| Terms of availability | 75.00 |
| 035 ## - SYSTEM CONTROL NUMBER | |
| System control number | B-465414 |
| 037 ## - SOURCE OF ACQUISITION | |
| Source of stock number/acquisition | के. के. पब्लिकेशन्स |
| 037 ## - SOURCE OF ACQUISITION | |
| Source of stock number/acquisition | ब्लूबेरी बुक्स |
| 040 ## - CATALOGING SOURCE | |
| Original cataloging agency | dpl |
| Language of cataloging | hn |
| 082 ## - DEWEY DECIMAL CLASSIFICATION NUMBER | |
| Classification number | 921 |
| 100 ## - MAIN ENTRY--PERSONAL NAME | |
| Personal name | टैगोर, रवीन्द्रनाथ |
| 9 (RLIN) | 23953 |
| 245 ## - TITLE STATEMENT | |
| Title | गुरूदेव रवीन्द्रनाथ टैगोर / |
| Statement of responsibility, etc | महेश्वर मिश्र |
| 260 ## - PUBLICATION, DISTRIBUTION, ETC. (IMPRINT) | |
| Place of publication, distribution, etc | नई दिल्ली |
| Name of publisher, distributor, etc | डायमंड पॉकेट बुक्स |
| Date of publication, distribution, etc | 2010 |
| 270 ## - ADDRESS | |
| Address | x-30, ओखला इंडस्ट्रियल एरिया, फेज-11 |
| City | नई दिल्ली |
| State or province | दिल्ली |
| Postal code | 110020 |
| 300 ## - PHYSICAL DESCRIPTION | |
| Extent | 146पृ |
| Dimensions | 22 सेमी (अजिल्द) |
| 700 ## - ADDED ENTRY--PERSONAL NAME | |
| 9 (RLIN) | 23954 |
| 700 ## - ADDED ENTRY--PERSONAL NAME | |
| Personal name | अग्रवाल, गिरिराजशरण |
| 9 (RLIN) | 23955 |
| 942 ## - ADDED ENTRY ELEMENTS (KOHA) | |
| Institution code [OBSOLETE] | dpl |
| Item type | Hindi Books |
| Source of classification or shelving scheme | Dewey Decimal Classification |
| Classification part | 921 |
| Call number suffix | टैगोर |
| Withdrawn status | Lost status | Source of classification or shelving scheme | Damaged status | Not for loan | Collection code | Home library | Current library | Date acquired | Source of acquisition | Cost, normal purchase price | Total Checkouts | Total Renewals | Full call number | Barcode | Date last seen | Copy number | Cost, replacement price | Koha item type |
|---|---|---|---|---|---|---|---|---|---|---|---|---|---|---|---|---|---|---|
| Dewey Decimal Classification | Non-fiction | Central Library | Central Library | 18/04/2012 | ब्लूबेरी बुक्स/8196/30.11.11/06/15.9.11/22.3.12 | 75.00 | 15 | 4 | 921 टैगोर | B-465414 | 21/12/2024 | 1 | 75.00 | Hindi Books |
